000 00803cam a22002651 4500
001 4915
003 BD-RjUL
005 20211208233957.0
008 131223t19651963xx 001 0 eng
035 _a(BD-RjUL)4950
035 _a(OCoLC)3119030
040 _aDLC
_cOC
_dUk
_dDLC
_dBD-RjUL
_beng
041 _aeng
082 _2369.43
_bHAS
100 1 _aHarwood, David.
_915502
245 1 0 _aScouts in action.
_cWith a foreword by the chief scout [Sir Charles MacLean]
260 _aLondon :
_bG. Bell ,
_c c1963.
300 _aviii, 196 p. ;
_billus., maps, ports. ;
_c21 cm.
500 _aStamped on t. p.: Distributed by Sportshelf, New Rochelle, N. Y.
504 _aIncludes index.
650 0 _aBoy Scouts.
_915388
942 _2ddc
_cBK
999 _c4915
_d4915